banner koha

Qualidade sanitária e fisiológica Desenna macranthera (DC. ex Collad.) H.S.Irwin & Barneby quando submetida a métodos de superação da dormência (Registro n. 298371)

MARC details
000 -LÍDER
fixed length control field 04596nab a2200289 i 4500
003 - CÓDIGO MARC DA AGÊNCIA CATALOGADORA
Campo de controle BR-BrBNA
005 - DATA E HORA DA ÚLTIMA ATUALIZAÇÃO
Campo de controle 20240129151447.0
008 - CAMPO DE TAMANHO FIXO
fixed length control field 240129b2018 bl.qr|pooa||| 00| 0 por |
040 ## - FONTE DA CATALOGAÇÃO
Agência catalogadora BR-BrBNA
Idioma da catalogação por
072 ## - CATEGORIA AGRIS
Código AGRIS K10
100 ## - ENTRADA PRINCIPAL - NOME PESSOAL
Nome pessoal Piveta, Graziela
100 ## - ENTRADA PRINCIPAL - NOME PESSOAL
Nome pessoal Mieth, Angelina Tais
100 ## - ENTRADA PRINCIPAL - NOME PESSOAL
Nome pessoal Garcia, Flávio Augusto de Oliveira
100 ## - ENTRADA PRINCIPAL - NOME PESSOAL
Nome pessoal Muniz, Marlove de Fátima Brião
245 ## - TÍTULO PRINCIPAL
Título principal Qualidade sanitária e fisiológica Desenna macranthera (DC. ex Collad.) H.S.Irwin & Barneby quando submetida a métodos de superação da dormência
500 ## - NOTA GERAL
Nota geral Publicação on-line; 35 ref.; 3 tables; Summaries (En, Pt)
942 ## - ADDED ENTRY ELEMENTS (KOHA)
Koha item type
520 ## - NOTA DE RESUMO
Nota de conteúdo <br/><br/>RESUMO<br/><br/>Sennamacranthera, mais conhecida como manduirana, pertence à família das Caesalpiniaceaee ocorre de forma natural no estado do Paraná até o Rio Grande do Norte. É uma espécie pioneira, característica de formação secundária. Objetivou-se com o presente trabalhodeterminar a qualidade sanitária e fisiológica das sementes de Sennamacranthera quando submetidas a métodos de superação da dormência. As sementes foram submetidas à superação da dormência, por: escarificação ácida por 10, 15, 20 e 25 minutos; imersão em água quente, com temperatura de 70, 80 e 90 °C, até resfriar por 24 horas; imersão em ácido giberélico (GA3) na concentração de 250 e 500 mg.L-1, por 24 e 48 horas; imersão em nitrato de potássio (KNO3), na concentração de 0,2%, por 24 e 48 horas. Em seguida foram realizados os testes de sanidade, germinação e tetrazólio. O delineamento experimental foi inteiramente casualizado, com quatro repetições de 25 sementes por tratamento. A comparação das médias entre os diferentes tratamentos de superação da dormência das sementes foi conduzida através do Teste de Tukey, em nivel de 5% de significância. Os principais gêneros fúngicos encontrados associados às sementes foram Penicillium sp. e Aspergillus sp. As sementes de Sennamacranthera apresentaram maior percentagem de germinação quando submetidas à escarificação ácida por 15 e 20 minutos, água quente a 70°C; imersão em GA3 250 mg.L-1 por 48 horas e KNO3, por 48 horas. O uso de testes rápidos, como o teste de tetrazólio, mostrou-se pouco eficiente, uma vez que ocorreu uma superestimação do vigor das sementes.<br/><br/>Palavras-chave: manduirana; germinação; teste de tetrazólio; fungos.
520 ## - NOTA DE RESUMO
Nota de conteúdo <br/><br/>ABSTRACT<br/><br/>Sennamacranthera, better known as manduirana, belongs to the family of Caesalpiniaceae and occurs naturally in the region from the states of Paraná to Rio Grande do Norte. It is a pioneer species, characteristic of secondary education. The objective of this study to determine the health and physiological quality of Senna macranthera seeds when subjected to methods of overcoming dormancy. The seeds were submitted to break dormancy by: acid scarification for 10, 15, 20 and 25 minutes; immersion in hot water with temperature of 70, 80 and 90 °C by cooling for 24 hours; immersion in gibberellic acid (GA3) at a concentration of 250 and 500 mg.L-1, 24 and 48 hours; immersion in potassium nitrate (KNO3) at a concentration of 0,2% for 24 and 48 hours. Then they were made the health tests, germination and tetrazolium. The experimental design was completely randomized with four replications of 25 seeds per treatment. The comparison of means between the different treatments to overcome seed dormancy was conducted by the Tukey test at level 5% significance. The main genera of fungi found associated with the seeds were Penicillium sp. and Aspergillus sp. The Sennamacranthera seeds had higher germination rate when subjected to acid scarification for 15 and 20 minutes, hot water at 70°C; soaking in GA3 250 mg.L-1 for 48 hours and KNO3 for 48 hours. The use of rapid tests, such as the tetrazolium test, proved inefficient, since there was an overestimation of seed vigor.<br/><br/>Keywords: manduirana; germination; tetrazolium test; fungi.
650 ## - ASSUNTO - THESAGRO
Cabeçalho tópico ou nome geográfico CASSIA MACRANTHERA
650 ## - ASSUNTO - THESAGRO
Cabeçalho tópico ou nome geográfico GERMINAÇÃO
650 ## - ASSUNTO - THESAGRO
Cabeçalho tópico ou nome geográfico TESTE DE TETRAZÓLIO
650 ## - ASSUNTO - THESAGRO
Cabeçalho tópico ou nome geográfico FUNGO
773 0# - ENTRADA ANALÍTICA
Host Biblionumber 4065
Registro do item 198128
Imprenta Santa Maria-RS Universidade Federal de Santa Maria - Centro de Pesquisas Florestais.Departamento de Ciências Florestais. Programa de Pós-Graduação em Engenharia Florestal 1991
Outro identificador 2023-437009
Título Ciência Florestal (Brazil)
ISSN 0103-9954; 1980-5098 (on-line)
Colação v. 28(2) p. 836-844; (Apr-Jun 2018)
Número de controle de registro BR2023001492
856 ## - ACESSO E ENDEREÇO ELETRÔNICO
Identificador uniforme de recurso - URI https://periodicos.ufsm.br/cienciaflorestal/article/view/32104/pdf

Nenhum exemplar disponível.

BINAGRI

Telefone: (61)3218-2567/2388/3357/2097 - binagri@agro.gov.br

Ministério da Agricultura e Pecuária , Esplanada dos Ministérios, Bloco D, Anexo B, Brasília/DF, CEP: 70.043-900